Представление документа в формате RUSMARC

ПолеНазваниеЗначение
  Тип записи a
  Библиографический уровень m
001 Контрольный номер RU/SLIB/B/208715305
005 Дата корректировки 20201206203925.7
010 Индекс ISBN __
d Цена 4-60
101 Язык документа __
a Язык текста rus
200 Заглавие и сведения об ответственности 0_
a Заглавие Александр Блок. Письма к жене
f Первые сведения об ответственности АН СССР ; Ин-т мировой литературы ; вступ. ст. и коммент. В. Орлова
b Общее обозначение материала Текст
210 Выходные данные __
a Место издания М.
c Издательство Наука
d Дата издания 1978
215 Физическое описание __
a Объем 415 с.
c Иллюстрации/тип воспроизводства ил.
225 Серия __
a Серия Литературное наследство
v Обозначение тома Т. 89
517 Другие варианты заглавия __
a Другие варианты заглавия Письма к жене
600 Персоналии __
a Персоналии (Фамилия) Блок, А. А.
f Даты 1880-1921
g Полное имя Александр Александрович
606 Тематические рубрики __
a Основная рубрика Литературоведение
z Хронологическая подрубрика 1901 г.; 1902 г.; 1903 г.; 1907-1917 гг.; 20 в. нач.
y Географическая подрубрика Россия; СССР
606 Тематические рубрики __
a Основная рубрика Русская литература XX в.
610 Ключевые слова __
a Ключевые слова советская литература; критика; советские поэты; литературная критика; критические статьи; персоналии; литературное творчество; письма
686 Индексы других классификаций __
a Классификационный индекс 84(2Рос=Рус)6-4
686 Индексы других классификаций __
a Классификационный индекс 83.3(2Рос=Рус)
702 Вторичная интеллектуальная ответственность _1
a Фамилия Орлов
b Имя В.
4 Код отношения Автор вступительной статьи
801 Источник записи _0
a Страна RU
b Организация Муниципальное бюджетное учреждение культуры "Централизованная библиотечная система" г. Сургут (Центральная городская библиотека им. А. С. Пушкина)
g Правила каталогизации К/Кундохова
801 Источник записи _1
a Страна RU
b Организация Муниципальное бюджетное учреждение культуры "Централизованная библиотечная система" г. Сургут (Центральная городская библиотека им. А. С. Пушкина)
g Правила каталогизации К/Кундохова
852 Данные о местонахождении __
j Шифр хранения 84(2Рос=Рус)6-4
c Каталожный индекс 84(2Рос=Рус)6-4; 83.3(2Рос=Рус)6-8
i Авторский знак Б 70
p Инвентарный номер 133518(с)
901 Тип документа __
t Тип документа m
990 Данные о заказе (DOS) __
j Количество экземпляров (DOS) 1